Delitos financieros / (Registro nro. 5969)

Detalles MARC
000 -LEADER
fixed length control field 00949nam a2200241Ia 4500
003 - CONTROL NUMBER IDENTIFIER
control field OSt
005 - DATE AND TIME OF LATEST TRANSACTION
control field 20200804135949.0
008 - FIXED-LENGTH DATA ELEMENTS--GENERAL INFORMATION
fixed length control field 191128s1985 ck gr 000 0 spa d
020 ## - INTERNATIONAL STANDARD BOOK NUMBER
International Standard Book Number 9586040704
040 ## - CATALOGING SOURCE
Original cataloging agency CO-JMCR
Transcribing agency CO-JMCR
041 0# - LANGUAGE CODE
Language code of text/sound track or separate title spa
082 04 - DEWEY DECIMAL CLASSIFICATION NUMBER
Classification number 364.168 /
Item number B275d
Edition number 23
100 1# - MAIN ENTRY--PERSONAL NAME
Personal name Bernal Cuéllar, Jaime,
Relator term autor
9 (RLIN) 8347
245 10 - TITLE STATEMENT
Title Delitos financieros /
Statement of responsibility, etc. Jaime Bernal Cuéllar, Carlos F. Osorio Bustos
260 ## - PUBLICATION, DISTRIBUTION, ETC.
Place of publication, distribution, etc. Bogotá :
Name of publisher, distributor, etc. Temis,
Date of publication, distribution, etc. 1985.
300 ## - PHYSICAL DESCRIPTION
Extent 108 páginas ;
Dimensions 17 cm.
490 0# - SERIES STATEMENT
Series statement Monografías Jurídicas ;
Volume/sequential designation 41.
505 0# - FORMATTED CONTENTS NOTE
Formatted contents note El orden economíco social -- Ubicación de las instituciones financieras en la economía Colombiana -- Entidades pertenecientes al sector financiero -- Criterios antagónicos para la determinación de las "entidades financieras"
650 14 - SUBJECT ADDED ENTRY--TOPICAL TERM
Topical term or geographic name entry element Delitos financieros
9 (RLIN) 8348
650 24 - SUBJECT ADDED ENTRY--TOPICAL TERM
Topical term or geographic name entry element Sector financiero
9 (RLIN) 4643
700 1# - ADDED ENTRY--PERSONAL NAME
Personal name Osorio Bustos, Carlos F.,
Relator term autor
9 (RLIN) 8349
942 ## - ADDED ENTRY ELEMENTS (KOHA)
Source of classification or shelving scheme Dewey Decimal Classification
Koha item type Books
Existencias
Withdrawn status Lost status Source of classification or shelving scheme Materials specified (bound volume or other part) Damaged status Not for loan Home library Current library Shelving location Date acquired Source of acquisition Full call number Barcode Date last seen Copy number Price effective from Koha item type
    Dewey Decimal Classification Donación--15/04/2018--     Biblioteca Pública José María del Castillo y Rada Biblioteca Pública José María del Castillo y Rada General Stacks 11/28/2019 Donación 364.168 / B275d 430011300 05/16/2024 Ej.1 11/28/2019 Books